<?xml version="1.0" encoding="UTF-8"?>
<record
    xmlns:xsi="http://www.w3.org/2001/XMLSchema-instance"
    xsi:schemaLocation="http://www.loc.gov/MARC21/slim http://www.loc.gov/standards/marcxml/schema/MARC21slim.xsd"
    xmlns="http://www.loc.gov/MARC21/slim">

  <leader>00851nam a2200253Ia 4500</leader>
  <controlfield tag="001">11291</controlfield>
  <controlfield tag="003">GE_BSU</controlfield>
  <controlfield tag="008">181216s||||||||xx |||||||||||||| ||und||</controlfield>
  <datafield tag="020" ind1=" " ind2=" ">
    <subfield code="a">9785713313944</subfield>
  </datafield>
  <datafield tag="040" ind1=" " ind2=" ">
    <subfield code="c">GE_BSU</subfield>
  </datafield>
  <datafield tag="080" ind1=" " ind2=" ">
    <subfield code="a">327</subfield>
  </datafield>
  <datafield tag="100" ind1=" " ind2=" ">
    <subfield code="a">&#x412;&#x443;&#x434;,&#x414;&#x436;; &#x416;.&#x421;&#x435;&#x440;&#x440;&#x435;.</subfield>
  </datafield>
  <datafield tag="245" ind1=" " ind2=" ">
    <subfield code="a">&#x414;&#x438;&#x43F;&#x43B;&#x43E;&#x43C;&#x430;&#x442;&#x438;&#x447;&#x435;&#x441;&#x43A;&#x438;&#x439; &#x446;&#x435;&#x440;&#x435;&#x43C;&#x43E;&#x43D;&#x438;&#x430;&#x43B; &#x438; &#x43F;&#x440;&#x43E;&#x442;&#x43E;&#x43A;&#x43E;&#x43B;.</subfield>
  </datafield>
  <datafield tag="245" ind1=" " ind2=" ">
    <subfield code="b">&#x41C;&#x43E;&#x43D;&#x43E;&#x433;&#x440;&#x430;&#x444;&#x438;&#x44F;.</subfield>
  </datafield>
  <datafield tag="245" ind1=" " ind2=" ">
    <subfield code="c">&#x41F;&#x435;&#x440;.&#x441; &#x410;&#x43D;&#x433;&#x43B;.&#x42E;.&#x41F;.&#x41A;&#x43B;&#x44E;&#x43A;&#x438;&#x43D;&#x430;; &#x412;.&#x412;.&#x41F;&#x430;&#x441;&#x442;&#x43E;&#x435;&#x432;&#x430;; &#x413;.&#x418;.&#x424;&#x43E;&#x43C;&#x438;&#x43D;&#x430;; &#x420;&#x435;&#x434;:&#x41B;.&#x418;.&#x413;&#x435;&#x446;&#x435;&#x43B;&#x435;&#x432;&#x438;&#x447;.</subfield>
  </datafield>
  <datafield tag="260" ind1=" " ind2=" ">
    <subfield code="a">&#x41C;&#x43E;&#x441;&#x43A;&#x432;&#x430;.</subfield>
  </datafield>
  <datafield tag="260" ind1=" " ind2=" ">
    <subfield code="b">&#x41C;&#x435;&#x436;&#x434;&#x443;&#x43D;&#x430;&#x440;&#x43E;&#x434;&#x43D;&#x44C;&#x435; &#x43E;&#x442;&#x43D;&#x43E;&#x448;&#x435;&#x43D;&#x438;&#x44F;.</subfield>
  </datafield>
  <datafield tag="260" ind1=" " ind2=" ">
    <subfield code="c">2011.</subfield>
  </datafield>
  <datafield tag="300" ind1=" " ind2=" ">
    <subfield code="a">416&#x441;&#x442;&#x440;;21&#x441;&#x43C;.</subfield>
  </datafield>
  <datafield tag="300" ind1=" " ind2=" ">
    <subfield code="e">&#x411;&#x438;&#x431;&#x43B;&#x438;&#x43E;&#x433;&#x440;&#x44E;&#x441;&#x442;&#x440;:409-410</subfield>
  </datafield>
  <datafield tag="541" ind1=" " ind2=" ">
    <subfield code="h">50&#x43B;.</subfield>
  </datafield>
  <datafield tag="653" ind1=" " ind2=" ">
    <subfield code="a">&#x414;&#x438;&#x43F;&#x43B;&#x43E;&#x43C;&#x430;&#x442;&#x438;&#x447;&#x435;&#x441;&#x43A;&#x438;&#x439; &#x446;&#x435;&#x440;&#x435;&#x43C;&#x43E;&#x43D;&#x438;&#x430;&#x43B; &#x438; &#x43F;&#x440;&#x43E;&#x442;&#x43E;&#x43A;&#x43E;&#x43B;.</subfield>
  </datafield>
  <datafield tag="942" ind1=" " ind2=" ">
    <subfield code="c">BK</subfield>
  </datafield>
  <datafield tag="999" ind1=" " ind2=" ">
    <subfield code="c">44493</subfield>
    <subfield code="d">44493</subfield>
  </datafield>
</record>
